000 00330nam a22001217a 4500
040 _cSY
082 _a330
100 _aអ៊ូ វ័ឌី
245 _aភូមិវិទ្យាសេដ្ឋកិច្ចកម្ពូជានិងអាស៊ាន
260 _aNA
_bអ៊ូ
_cNA
300 _a61p.
942 _cKB
999 _c9688
_d9688